Elementary statistics : (Record no. 2373)
[ view plain ]
| 000 -LEADER | |
|---|---|
| fixed length control field | 00451cam a2200145 a 4500 |
| 020 ## - ISBN | |
| International Standard Book Number | 0072549076 (acidfree paper) |
| 050 00 - LIBRARY OF CONGRESS CALL NUMBER | |
| Classification Number | QA276.12 |
| Item Number | .B59 2004 |
| 100 1# - MAIN ENTRY--Author | |
| Personal name | Bluman, Allan G. |
| 245 10 - TITLE | |
| Title | Elementary statistics : |
| Remainder of title | a step by step approach / |
| Statement of responsibility, etc | Allan G. Bluman. |
| 250 ## - EDITIONSTATEMENT | |
| Edition statement | 5th ed. |
| 260 ## - PUBLICATION, DISTRIBUTION, ETC.(IMPRINT) | |
| Place of publication, distribution, etc | Boston [USA] : |
| Name of publisher, distributor, etc | McGraw-Hill, |
| Date of publication, distribution, etc | c2004. |
| 300 ## - PHYSICAL DESCRIPTION | |
| Extent | xxv, 810 p. : |
| 856 41 - URL/ELECTRONIC LOCATION AND ACCESS | |
| Uniform Resource Identifier | <a href="http://www.loc.gov/catdir/toc/fy038/2003044189.html">http://www.loc.gov/catdir/toc/fy038/2003044189.html</a> |
| 942 ## - ADDED ENTRY ELEMENTS(KOHA) | |
| Koha item type | General circulation |
| Source of classification or shelving scheme | Library of Congress Classification |
| Source of classification or shelving scheme | Not for loan | Location (home branch) | Sublocation (holding branch) | Date accessioned | Cost, normal purchase price | Full call number | Barcode | Cost, replacement price | Koha item type | Public note | Shelving location |
|---|---|---|---|---|---|---|---|---|---|---|---|
| Library of Congress Classification | Main Campus Library | Main Campus Library | 29/08/2014 | 3472.17 | QA276.12 .B59 2004 | 2019/022420 | 3972.00 | General circulation | amm | ||
| Library of Congress Classification | Main Campus Library | Main Campus Library | 29/08/2014 | 3472.17 | QA276.12 .B59 2004 | 008730 | 3972.00 | General circulation | amm | ||
| Library of Congress Classification | Main Campus Library | Main Campus Library | 29/08/2014 | 3472.17 | QA276.12 .B59 2004 | 2019/022422 | 3972.00 | General circulation | amm | ||
| Library of Congress Classification | Main Campus Library | Main Campus Library | 08/03/2017 | NBM QA276.12 .B59 2004 | 2015/003183 | CD/DVD-ROMs | |||||
| Library of Congress Classification | Main Campus Library | Main Campus Library | 08/03/2017 | NBM QA276.12 .B59 2004 | 2015/005469 | CD/DVD-ROMs | |||||
| Library of Congress Classification | Main Campus Library | Main Campus Library | 08/03/2017 | NBN QA276.12 .B59 2004 | 2015/005456 | CD/DVD-ROMs | |||||
| Library of Congress Classification | Main Campus Library | SEKU-BINDERY | 29/08/2014 | 3472.17 | QA276.12 .B59 2004 | 2019/022421 | 3972.00 | General circulation | amm | ||
| Library of Congress Classification | Main Campus Library | SEKU-BINDERY | 21/02/2017 | QA276.12 .B59 2004 | 0087332 | General circulation | Non-fiction |